000 00450nam a2200157Ia 4500
008 160316s2001 xxu||||| |||| 00| 0 eng d
082 _a364.152000
_bPAT
100 _aPatel Vibhuti
245 _aLocating the context of the declining sex ratio and new reproductive technologies
250 _a
260 _aMumbai
_bUniversity of Mumbai
_c2001
300 _a6
_b
_c
365 _b
650 _a1. Sex ratio 2. Neglect of daughters
700 _a
_a
999 _c36604
_d36604